<?xml version="1.0" encoding="UTF-8"?><?xml-stylesheet type="text/xsl" href="static/style.xsl"?><OAI-PMH xmlns="http://www.openarchives.org/OAI/2.0/" xmlns:xsi="http://www.w3.org/2001/XMLSchema-instance" xsi:schemaLocation="http://www.openarchives.org/OAI/2.0/ http://www.openarchives.org/OAI/2.0/OAI-PMH.xsd"><responseDate>2026-04-17T18:52:38Z</responseDate><request verb="GetRecord" identifier="oai:www.recercat.cat:11351/12956" metadataPrefix="marc">https://recercat.cat/oai/request</request><GetRecord><record><header><identifier>oai:recercat.cat:11351/12956</identifier><datestamp>2025-10-24T02:03:09Z</datestamp><setSpec>com_2072_378070</setSpec><setSpec>com_2072_378040</setSpec><setSpec>col_2072_378092</setSpec></header><metadata><record xmlns="http://www.loc.gov/MARC21/slim" xmlns:dcterms="http://purl.org/dc/terms/" xmlns:xsi="http://www.w3.org/2001/XMLSchema-instance" xmlns:doc="http://www.lyncode.com/xoai" xsi:schemaLocation="http://www.loc.gov/MARC21/slim http://www.loc.gov/standards/marcxml/schema/MARC21slim.xsd">
   <leader>00925njm 22002777a 4500</leader>
   <datafield ind2=" " ind1=" " tag="042">
      <subfield code="a">dc</subfield>
   </datafield>
   <datafield ind2=" " ind1=" " tag="720">
      <subfield code="a">Park, Yeon Hee</subfield>
      <subfield code="e">author</subfield>
   </datafield>
   <datafield ind2=" " ind1=" " tag="720">
      <subfield code="a">Sohn, Joohyuk</subfield>
      <subfield code="e">author</subfield>
   </datafield>
   <datafield ind2=" " ind1=" " tag="720">
      <subfield code="a">Cortes, Javier</subfield>
      <subfield code="e">author</subfield>
   </datafield>
   <datafield ind2=" " ind1=" " tag="720">
      <subfield code="a">MUÑOZ COUSELO, EVA</subfield>
      <subfield code="e">author</subfield>
   </datafield>
   <datafield ind2=" " ind1=" " tag="720">
      <subfield code="a">Kim, Sung-Bae</subfield>
      <subfield code="e">author</subfield>
   </datafield>
   <datafield ind2=" " ind1=" " tag="720">
      <subfield code="a">Dent, Rebecca</subfield>
      <subfield code="e">author</subfield>
   </datafield>
   <datafield ind2=" " ind1=" " tag="260">
      <subfield code="c">2025-04-14T09:40:38Z</subfield>
   </datafield>
   <datafield ind2=" " ind1=" " tag="260">
      <subfield code="c">2025-04-14T09:40:38Z</subfield>
   </datafield>
   <datafield ind2=" " ind1=" " tag="260">
      <subfield code="c">2025-03-11</subfield>
   </datafield>
   <datafield ind2=" " ind1=" " tag="520">
      <subfield code="a">Immunohistochemistry; Triple-negative breast cancer; Tumor microenvironment</subfield>
   </datafield>
   <datafield ind2=" " ind1=" " tag="520">
      <subfield code="a">Immunohistoquímica; Càncer de mama triple negatiu; Microambient tumoral</subfield>
   </datafield>
   <datafield ind2=" " ind1=" " tag="520">
      <subfield code="a">Inmunohistoquímica; Cáncer de mama triple negativo; Microambiente tumoral</subfield>
   </datafield>
   <datafield ind2=" " ind1=" " tag="520">
      <subfield code="a">Background&#xd;
The multicohort, open-label, phase 1b KEYNOTE-173 study was conducted to investigate pembrolizumab plus chemotherapy as neoadjuvant therapy for triple-negative breast cancer (TNBC). This exploratory analysis evaluated features of the tumor microenvironment that might be predictive of response.&#xd;
Methods&#xd;
Cell fractions from 20 paired samples collected at baseline and after one cycle of neoadjuvant pembrolizumab prior to chemotherapy initiation were analyzed by spatial localization (tumor compartment, stromal compartment, or sum of tumor and stromal compartments [total tumor]) using three six-plex immunohistochemistry panels with T-cell, myeloid cell, and natural killer cell components. Area under the receiver operating characteristic curve (AUROC) was used to assess associations between immune subsets and gene expression signatures (T-cell–inflamed gene expression profile [TcellinfGEP] and 10 non-TcellinfGEP signatures using RNA sequencing) and pathologic complete response (pCR).&#xd;
Results&#xd;
At baseline, six immune subsets quantitated within the tumor compartment showed AUROC with 95% CIs not crossing 0.5, including CD11c+ cells (macrophage and dendritic cell [DC]: AUROC, 0.85; 95% confidence interval [CI] 0.63–1.00), CD11c+/MHCII+/CD163−/CD68− cells (DC: 0.76; 95% CI, 0.53–0.99), CD11c+/MHCII−/CD163−/CD68− cells (nonactivated/immature DC: 0.80; 95% CI 0.54–1.00), and CD11c+/CD163+ cells (M2 macrophage: 0.77; 95% CI 0.55–0.99). Other associations with pCR included baseline CD11c+/MHCII−/CD163−/CD68− (nonactivated/immature DC) within the total tumor (AUROC, 0.76; 95% CI 0.51–1.00) and the baseline CD11c/CD3 ratio within the tumor compartment (0.75; 95% CI 0.52–0.98). Changes in immune subsets following one cycle of pembrolizumab were not strongly associated with pCR. Although T-cell associations were relatively weak, specific CD8 subsets trended toward association. The AUROC for discriminating pCR based on TcellinfGEP was 0.55 (95% CI 0.25–0.85); when detrended by TcellinfGEP, AUROC varied for the non-TcellinfGEP signatures. TcellinfGEP expression trended higher in responders than in nonresponders when evaluating pCR.&#xd;
Conclusions&#xd;
Myeloid cell populations within the tumor compartment at baseline and TcellinfGEP show a promising trend toward an association with pCR in a small subgroup of patients with early-stage TNBC treated with neoadjuvant pembrolizumab plus chemotherapy.&#xd;
Trial registration&#xd;
ClinicalTrials.gov, NCT02622074; registration date, December 2, 2015.</subfield>
   </datafield>
   <datafield ind2=" " ind1=" " tag="520">
      <subfield code="a">Funding for this research was provided by Merck Sharp &amp; Dohme LLC, a subsidiary of Merck &amp; Co., Inc., Rahway, NJ, USA.</subfield>
   </datafield>
   <datafield tag="653" ind2=" " ind1=" ">
      <subfield code="a">Mama - Càncer - Tractament</subfield>
   </datafield>
   <datafield tag="653" ind2=" " ind1=" ">
      <subfield code="a">Quimioteràpia combinada</subfield>
   </datafield>
   <datafield tag="653" ind2=" " ind1=" ">
      <subfield code="a">Anticossos monoclonals - Ús terapèutic</subfield>
   </datafield>
   <datafield tag="653" ind2=" " ind1=" ">
      <subfield code="a">Mama - Càncer - Aspectes genètics</subfield>
   </datafield>
   <datafield tag="653" ind2=" " ind1=" ">
      <subfield code="a">ANALYTICAL, DIAGNOSTIC AND THERAPEUTIC TECHNIQUES, AND EQUIPMENT::Therapeutics::Therapeutics::Drug Therapy::Antineoplastic Protocols::Therapeutics::Drug Therapy::Antineoplastic Combined Chemotherapy Protocols</subfield>
   </datafield>
   <datafield tag="653" ind2=" " ind1=" ">
      <subfield code="a">PHENOMENA AND PROCESSES::Cell Physiological Phenomena::Cellular Microenvironment::Tumor Microenvironment</subfield>
   </datafield>
   <datafield tag="653" ind2=" " ind1=" ">
      <subfield code="a">ANALYTICAL, DIAGNOSTIC AND THERAPEUTIC TECHNIQUES, AND EQUIPMENT::Therapeutics::Combined Modality Therapy::Neoadjuvant Therapy</subfield>
   </datafield>
   <datafield tag="653" ind2=" " ind1=" ">
      <subfield code="a">CHEMICALS AND DRUGS::Amino Acids, Peptides, and Proteins::Proteins::Blood Proteins::Immunoproteins::Immunoglobulins::Antibodies::Antibodies, Monoclonal::Antibodies, Monoclonal, Humanized</subfield>
   </datafield>
   <datafield tag="653" ind2=" " ind1=" ">
      <subfield code="a">Other subheadings::Other subheadings::/therapeutic use</subfield>
   </datafield>
   <datafield tag="653" ind2=" " ind1=" ">
      <subfield code="a">DISEASES::Neoplasms::Neoplasms by Site::Breast Neoplasms::Triple Negative Breast Neoplasms</subfield>
   </datafield>
   <datafield tag="653" ind2=" " ind1=" ">
      <subfield code="a">Other subheadings::Other subheadings::Other subheadings::/drug therapy</subfield>
   </datafield>
   <datafield tag="653" ind2=" " ind1=" ">
      <subfield code="a">TÉCNICAS Y EQUIPOS ANALÍTICOS, DIAGNÓSTICOS Y TERAPÉUTICOS::terapéutica::terapéutica::farmacoterapia::protocolos antineoplásicos::terapéutica::farmacoterapia::protocolos de quimioterapia antineoplásica combinada</subfield>
   </datafield>
   <datafield tag="653" ind2=" " ind1=" ">
      <subfield code="a">FENÓMENOS Y PROCESOS::fenómenos fisiológicos celulares::microambiente celular::microambiente tumoral</subfield>
   </datafield>
   <datafield tag="653" ind2=" " ind1=" ">
      <subfield code="a">TÉCNICAS Y EQUIPOS ANALÍTICOS, DIAGNÓSTICOS Y TERAPÉUTICOS::terapéutica::tratamiento combinado::tratamiento neoadyuvante</subfield>
   </datafield>
   <datafield tag="653" ind2=" " ind1=" ">
      <subfield code="a">COMPUESTOS QUÍMICOS Y DROGAS::aminoácidos, péptidos y proteínas::proteínas::proteínas sanguíneas::inmunoproteínas::inmunoglobulinas::anticuerpos::anticuerpos monoclonales::anticuerpos monoclonales humanizados</subfield>
   </datafield>
   <datafield tag="653" ind2=" " ind1=" ">
      <subfield code="a">Otros calificadores::Otros calificadores::/uso terapéutico</subfield>
   </datafield>
   <datafield tag="653" ind2=" " ind1=" ">
      <subfield code="a">ENFERMEDADES::neoplasias::neoplasias por localización::neoplasias de la mama::neoplasias de mama triple negativos</subfield>
   </datafield>
   <datafield tag="653" ind2=" " ind1=" ">
      <subfield code="a">Otros calificadores::Otros calificadores::Otros calificadores::/farmacoterapia</subfield>
   </datafield>
   <datafield ind2="0" ind1="0" tag="245">
      <subfield code="a">Molecular determinants of response to neoadjuvant pembrolizumab plus chemotherapy in patients with high-risk, early-stage, triple-negative breast cancer: exploratory analysis of the open-label, multicohort phase 1b KEYNOTE-173 study</subfield>
   </datafield>
</record></metadata></record></GetRecord></OAI-PMH>